| 000 | 01201nam0a22002891 4500 | ||
|---|---|---|---|
| 001 | rc\3440740 | ||
| 005 | 20260407093215.0 | ||
| 021 |
_aRU _b72-49981 |
||
| 021 |
_aRU _bРг14043-72 |
||
| 035 | _a(NLR Aleph) 007568033 | ||
| 090 |
_a5373799 _c5373799 |
||
| 100 | _a20130115d1971 |||y0rusy50 ca | ||
| 101 | 0 | _arus | |
| 102 | _aRU | ||
| 105 | _ay z ||||b | ||
| 200 | 1 |
_aПринципиальные соображения относительно научной биографики _fXIII Междунар. конгресс по истории науки. СССР, Москва, 18-24 авг. 1971 г. Коллоквиум: Личность ученого в истории науки |
|
| 210 |
_aМосква _cНаука _d1971 |
||
| 215 |
_a15 с. _d20 |
||
| 300 | _aВ надзаг. ошибочно: XIII Междунар. конкурс... | ||
| 320 | _aБиблиогр.: с. 14-15 | ||
| 700 | 1 |
_aГернек _bФ. _gФридрих |
|
| 712 | 1 | 2 |
_aМеждународный конгресс истории наук _d13 _eМосква _f1971 _9322680 _3RU\NLR\AUTH\8824030 |
| 801 | 0 |
_aRU _bNLR _gpsbo |
|
| 801 | 1 |
_aRU _bELAR _2rusmarc |
|
| 852 |
_aNLR _j72-6/8177 |
||
| 942 | _cBOOK | ||
| 980 | _aNB | ||